| 000 | 00985cam a2200277 i 4500 | ||
|---|---|---|---|
| 999 |
_c67507 _d67507 |
||
| 001 | 67507 | ||
| 003 | Mx-PuUPA | ||
| 005 | 20200611200826.0 | ||
| 008 | 170622s1992 mx a r 000 0 spa d | ||
| 020 | _a9684840454 | ||
| 040 |
_erda _aMx-PuUPA _bspa _cMx-PuUPA _dMx-PuUPA |
||
| 041 | 0 | _aspa | |
| 100 | 1 |
_aVelasco, José María, _d1840-1912, _eautor _94827 |
|
| 245 | 1 | 0 |
_aVelasco en blanco y negro / _cJosé María Velasco ; prólogo, José Yurrieta Valdés |
| 264 | 1 |
_aToluca, México : _bInstituto Mexiquense de Cultura, _c1992 |
|
| 300 |
_axxxiii, 164 páginas : _bilustraciones ; _c51 cm |
||
| 336 |
_atexto _2rdacontent _btxt |
||
| 337 |
_asin medio _2rdamedia _bn |
||
| 338 |
_avolumen _2rdacarrier _bnc |
||
| 500 | _aQuinto centenario. | ||
| 600 | 1 | 4 |
_aVelasco, José María, 1840-1912 _94827 |
| 650 | 4 |
_aPintores mexicanos _vCatálogos |
|
| 700 | 1 |
_aYurrieta Valdés, José, _eprologuista |
|
| 942 |
_h759.972 _iV432 _cLI _2ddc |
||